| 000 | 00594nam a2200193 i 4500 | ||
|---|---|---|---|
| 001 | 83653 | ||
| 003 | ES-MaACL | ||
| 005 | 20250722183308.0 | ||
| 007 | t| | ||
| 008 | 041117s1904 fr ||||1| fre d | ||
| 100 | 1 |
_aJacoby, Paul. _965864 |
|
| 245 | 1 | 0 |
_aEtudes sur la selection chez l'homme / _cpar Paul Jacoby ; avant propos par M. Gabriel Tarde. |
| 250 | _a2éme éd. | ||
| 260 |
_aParis : _b[s.n.], _c1904 ( _eEvreux : _fCh. Hérissey) |
||
| 300 |
_aXVII, 618 p. ; _c23 cm. |
||
| 700 | 1 |
_aTarde, Gabriel de, _d1843-1904 _9133127 |
|
| 852 |
_aES-MaACL _jB-6610 |
||
| 999 |
_c83653 _d83653 |
||